[Event "8th Eksjo it group A"]
[Site "Eksjo SWE"]
[Date "1980.08.19"]
[Round "1"]
[White "Lekander, Rolf"]
[Black "Ivanovic, Bozidar"]
[Result "0-1"]
[WhiteElo "2285"]
[BlackElo "2440"]
[EventDate "1980.08.19"]
[PlyCount "58"]

1.Nf3 c5 2.c4 Nf6 3.Nc3 Nc6 4.g3 d5 5.cxd5 Nxd5 6.Bg2 Nc7 7.d3 e5 8.Nd2 
Be7 9.Bxc6+ bxc6 10.Nc4 f6 11.Qa4 Bd7 12.Ne4 O-O 13.Na5 Rb8 14.Nxc6 Kh8 
15.Be3 Qe8 16.Qxa7 Bxc6 17.Qxc7 Rb7 18.Qa5 f5 19.Qc3 fxe4 20.dxe4 Bxe4 21.
O-O Qb8 22.b3 Rc8 23.Rad1 Bf5 24.Qc4 Qa8 25.Rd2 Bh3 26.Rfd1 Rxb3 27.Rd5 
Rb4 28.Qc3 Rd4 29.R1xd4 cxd4 0-1

[Event "8th Eksjo it group A"]
[Site "Eksjo SWE"]
[Date "1980.08.19"]
[Round "1"]
[White "Lengyel, Levente"]
[Black "Wedberg, Tom"]
[Result "0-1"]
[WhiteElo "2445"]
[BlackElo "2425"]
[EventDate "1980.08.19"]
[PlyCount "50"]

1.Nf3 c5 2.c4 Nc6 3.Nc3 e5 4.g3 g6 5.Bg2 Bg7 6.O-O Nge7 7.d3 d6 8.Rb1 O-O 
9.a3 a5 10.Ne1 Be6 11.Nd5 Rb8 12.Nc2 b5 13.Bd2 a4 14.Nce3 bxc4 15.Nxe7+ 
Nxe7 16.dxc4 Rb3 17.Bc3 f5 18.Nd5 e4 19.Bxg7 Kxg7 20.Nc3 Qd7 21.Nxa4 Qxa4 
22.Qxd6 Kf6 23.Qxc5 Qxc4 24.Qa7 Rd8 25.Rfc1 Qd4 0-1

[Event "8th Eksjo it group A"]
[Site "Eksjo SWE"]
[Date "1980.08.19"]
[Round "1"]
[White "Ornstein, Axel"]
[Black "Kirov, Nino"]
[Result "0-1"]
[WhiteElo "2450"]
[BlackElo "2455"]
[EventDate "1980.08.19"]
[PlyCount "106"]

1.d4 Nf6 2.c4 c6 3.Nc3 d5 4.Bg5 dxc4 5.a4 Qa5 6.Bd2 e5 7.dxe5 Qxe5 8.Nf3 
Qc5 9.e4 Ng4 10.Qe2 Nd7 11.a5 Nde5 12.Nxe5 Nxe5 13.Be3 Qb4 14.Qc2 Be6 15.
f4 Nd3+ 16.Bxd3 cxd3 17.Qf2 Bb3 18.Bxa7 Rxa7 19.Qxa7 Bc5 20.Qb8+ Kd7 21.
Qe5 Bd4 22.Qh5 Bxc3+ 23.bxc3 Qxe4+ 24.Kf2 Qxf4+ 25.Qf3 Qxf3+ 26.Kxf3 d2 
27.Rab1 d1=Q+ 28.Rhxd1+ Bxd1+ 29.Rxd1+ Kc7 30.Re1 Rd8 31.Re7+ Rd7 32.Re8 
Rd8 33.Re7+ Rd7 34.Re8 Kd6 35.Ra8 Kc5 36.Ra7 Kd6 37.a6 bxa6 38.Rxa6 Kc5 
39.Ke3 Re7+ 40.Kd3 Rd7+ 41.Ke3 Kb5 42.Ra8 Kc4 43.Rc8 c5 44.g4 Rd3+ 45.Kf2 
h5 46.gxh5 Rh3 47.Rh8 Rxh2+ 48.Kg3 Rh1 49.Kg2 Rd1 50.Rh7 Rd5 51.Rxg7 Rxh5 
52.Rg3 Rf5 53.Re3 Kb3 0-1

[Event "8th Eksjo it group A"]
[Site "Eksjo SWE"]
[Date "1980.08.19"]
[Round "1"]
[White "Schneider, Lars-Ake"]
[Black "Minev, Nikolai"]
[Result "1/2-1/2"]
[WhiteElo "2450"]
[BlackElo "2390"]
[EventDate "1980.08.19"]
[PlyCount "56"]

1.e4 e6 2.d4 d5 3.Nd2 a6 4.Ngf3 c5 5.exd5 exd5 6.dxc5 Bxc5 7.Nb3 Bd6 8.Bd3
Ne7 9.O-O O-O 10.Nbd4 Nbc6 11.Re1 Ng6 12.Bf5 Qc7 13.Bxc8 Raxc8 14.Nf5 Bf4 
15.c3 Rcd8 16.Bxf4 Qxf4 17.N3d4 Nxd4 18.Nxd4 Ne5 19.h3 Nc6 20.Qd3 Nxd4 21.
Qxd4 Qxd4 22.cxd4 Rfe8 23.Rxe8+ Rxe8 24.Rc1 f6 25.Rc7 Re1+ 26.Kh2 b5 27.
Ra7 Re2 28.Rxa6 Rxb2 1/2-1/2

[Event "8th Eksjo it group A"]
[Site "Eksjo SWE"]
[Date "1980.08.20"]
[Round "2"]
[White "Ivanovic, Bozidar"]
[Black "Sznapik, Aleksander"]
[Result "1/2-1/2"]
[WhiteElo "2440"]
[BlackElo "2460"]
[EventDate "1980.08.19"]
[PlyCount "63"]

1.e4 c5 2.Nf3 d6 3.d4 cxd4 4.Nxd4 Nf6 5.Nc3 e6 6.g4 h6 7.Rg1 Nc6 8.h4 d5 
9.Nxc6 bxc6 10.g5 hxg5 11.hxg5 Nd7 12.g6 f6 13.exd5 exd5 14.Be2 Bb4 15.Bd2
c5 16.Bb5 Rb8 17.Qe2+ Qe7 18.Bxd7+ Kxd7 19.Rb1 Qe5 20.Qxe5 fxe5 21.Ke2 
Bxc3 22.Bxc3 Kd6 23.Rh1 Rg8 24.b3 Ba6+ 25.Ke1 Rh8 26.Rh7 c4 27.Bb2 d4 28.
c3 cxb3 29.cxd4 bxa2 30.dxe5+ Kd5 31.Ra1 Bc4 32.Bc3 1/2-1/2

[Event "8th Eksjo it group A"]
[Site "Eksjo SWE"]
[Date "1980.08.20"]
[Round "2"]
[White "Karlsson, Lars"]
[Black "Kaiszauri, Konstanty"]
[Result "0-1"]
[WhiteElo "2405"]
[BlackElo "2365"]
[EventDate "1980.08.19"]
[PlyCount "118"]

1.c4 e5 2.g3 Nf6 3.Bg2 Nc6 4.Nc3 g6 5.e3 Bg7 6.Nge2 d6 7.d3 O-O 8.O-O Be6 
9.Nd5 Qd7 10.Bd2 Bh3 11.e4 Bxg2 12.Kxg2 Nxd5 13.cxd5 Ne7 14.Qb3 c6 15.Bg5 
c5 16.Nc3 f5 17.Qb5 Qc7 18.Qc4 f4 19.f3 Nc8 20.g4 Nb6 21.Qb3 c4 22.Nb5 Qc5
23.dxc4 Nxc4 24.Rfc1 Rfc8 25.Rc3 Ne3+ 26.Kh1 Qb6 27.Bh4 Rxc3 28.Nxc3 Qxb3 
29.axb3 Nc2 30.Ra4 Nd4 31.Kg2 Nxb3 32.Nb5 Rc8 33.Rxa7 Rc2+ 34.Kh1 Bf8 35.
Na3 Re2 36.Nb5 Nd2 37.Ra3 Nc4 38.Ra8 Rxb2 39.Nxd6 Rb1+ 40.Kg2 Rb2+ 41.Kf1 
Rb1+ 42.Kf2 Rb2+ 43.Ke1 Nxd6 44.Be7 Kf7 45.Bxf8 Nc4 46.Bc5 Nd2 47.Ra3 b6 
48.Bxb6 Nxf3+ 49.Rxf3 Rxb6 50.Rh3 Rb4 51.Rxh7+ Kf6 52.h4 Rxe4+ 53.Kf2 Rd4 
54.Rd7 e4 55.Rd6+ Ke5 56.Rxg6 Rd2+ 57.Ke1 e3 58.Re6+ Kxd5 59.Re7 Rh2 0-1

[Event "8th Eksjo it group A"]
[Site "Eksjo SWE"]
[Date "1980.08.20"]
[Round "2"]
[White "Kirov, Nino"]
[Black "Schneider, Lars-Ake"]
[Result "1/2-1/2"]
[WhiteElo "2455"]
[BlackElo "2450"]
[EventDate "1980.08.19"]
[PlyCount "82"]

1.Nf3 Nf6 2.g3 e6 3.Bg2 d5 4.O-O Be7 5.d4 O-O 6.c4 c5 7.cxd5 exd5 8.Nc3 
Nc6 9.b3 Ne4 10.Bb2 Bf6 11.Na4 cxd4 12.Nxd4 Bxd4 13.Bxd4 Bf5 14.Rc1 Re8 
15.e3 Qe7 16.Nc3 Rad8 17.Ne2 Ng5 18.Bc5 Qd7 19.Nd4 Bh3 20.Qh5 Bxg2 21.Kxg2
Ne4 22.Nxc6 bxc6 23.Bd4 Qd6 24.Qg4 f6 25.Qf4 Qd7 26.f3 Ng5 27.g4 Ne6 28.
Qf5 Qd6 29.Qc2 Nxd4 30.exd4 Qf4 31.Qf2 Re6 32.Rfe1 Rde8 33.Rxe6 Rxe6 34.
Re1 Kf7 35.Rxe6 Kxe6 36.Qe1+ Kf7 37.Qc3 h5 38.Qxc6 Qxd4 39.Qd7+ Kf8 40.
Qd8+ Kf7 41.Qd7+ Kf8 1/2-1/2

[Event "8th Eksjo it group A"]
[Site "Eksjo SWE"]
[Date "1980.08.20"]
[Round "2"]
[White "Lekander, Rolf"]
[Black "Ornstein, Axel"]
[Result "1/2-1/2"]
[WhiteElo "2285"]
[BlackElo "2450"]
[EventDate "1980.08.19"]
[PlyCount "109"]

1.d4 Nf6 2.Nf3 b6 3.e3 Bb7 4.Bd3 e6 5.O-O Be7 6.Re1 c5 7.Nbd2 O-O 8.c3 d6 
9.e4 Nbd7 10.Qe2 Re8 11.e5 Nd5 12.Ne4 dxe5 13.dxe5 Qc7 14.Ng3 Nf8 15.a3 c4
16.Bxc4 Ng6 17.Nh5 Red8 18.Bd2 Bf8 19.Rad1 Nde7 20.Ba2 Nf5 21.Bb1 Bxf3 22.
gxf3 Rd7 23.f4 Rad8 24.Be4 Nfh4 25.Be3 Be7 26.Kh1 Bf8 27.Rg1 Rxd1 28.Rxd1 
Qc4 29.Bd3 Qc6+ 30.f3 Nxf3 31.Ng3 Nfh4+ 32.Be4 Rxd1+ 33.Qxd1 Qb5 34.Qe2 
Qb3 35.Qc2 Qc4 36.Qe2 Qb3 37.Qc2 Qb5 38.Qe2 Qa4 39.Qc2 Qe8 40.Qd3 Ne7 41.
Bxh7+ Kh8 42.Be4 Neg6 43.c4 Bc5 44.Bxc5 bxc5 45.Ne2 Nf5 46.b4 cxb4 47.axb4
Qa4 48.Qb1 Qa6 49.b5 Qb6 50.Bxf5 exf5 51.Qg1 Qb7+ 52.Qg2 Qb6 53.Qg1 Qb7+ 
54.Qg2 Qb6 55.Qg1 1/2-1/2

[Event "8th Eksjo it group A"]
[Site "Eksjo SWE"]
[Date "1980.08.20"]
[Round "2"]
[White "Minev, Nikolai"]
[Black "Lengyel, Levente"]
[Result "1/2-1/2"]
[WhiteElo "2390"]
[BlackElo "2445"]
[EventDate "1980.08.19"]
[PlyCount "26"]

1.d4 d5 2.c4 dxc4 3.Nf3 Nf6 4.e3 e6 5.Bxc4 c5 6.O-O a6 7.a4 Nc6 8.Qe2 cxd4
9.Rd1 Be7 10.exd4 O-O 11.Nc3 Nd5 12.Bd3 Ncb4 13.Be4 Nf6 1/2-1/2

[Event "8th Eksjo it group A"]
[Site "Eksjo SWE"]
[Date "1980.08.20"]
[Round "2"]
[White "Wedberg, Tom"]
[Black "Gonsior, Evzen"]
[Result "1/2-1/2"]
[WhiteElo "2425"]
[BlackElo "2370"]
[EventDate "1980.08.19"]
[PlyCount "46"]

1.e4 c5 2.Nf3 Nc6 3.d4 cxd4 4.Nxd4 e5 5.Nb5 a6 6.Nd6+ Bxd6 7.Qxd6 Qf6 8.
Qxf6 Nxf6 9.Nc3 Nb4 10.Bd3 Nxd3+ 11.cxd3 h6 12.b3 d5 13.Ba3 dxe4 14.dxe4 
Bd7 15.Bd6 Bc6 16.f3 Nd7 17.O-O-O f6 18.Rd3 Nf8 19.Kb2 Ne6 20.a4 Kf7 21.
Rhd1 Rhd8 22.R3d2 Rd7 23.Na2 a5 1/2-1/2

[Event "8th Eksjo it group A"]
[Site "Eksjo SWE"]
[Date "1980.08.21"]
[Round "3"]
[White "Gonsior, Evzen"]
[Black "Minev, Nikolai"]
[Result "0-1"]
[WhiteElo "2370"]
[BlackElo "2390"]
[EventDate "1980.08.19"]
[PlyCount "50"]

1.e4 c5 2.f4 Nc6 3.Nf3 e6 4.Bb5 Nge7 5.O-O a6 6.Be2 d5 7.d3 g6 8.c3 Bg7 9.
Be3 d4 10.Bf2 O-O 11.c4 e5 12.fxe5 Nxe5 13.Nxe5 Bxe5 14.Nd2 Qc7 15.Nf3 Bf4
16.Kh1 f5 17.g3 Bh6 18.Ng1 fxe4 19.dxe4 Nc6 20.g4 Bf4 21.h3 Ne5 22.Nf3 Bd7
23.Nxe5 Qxe5 24.Bf3 Bc6 25.Kg1 Bh2+ 0-1

[Event "8th Eksjo it group A"]
[Site "Eksjo SWE"]
[Date "1980.08.21"]
[Round "3"]
[White "Kaiszauri, Konstanty"]
[Black "Wedberg, Tom"]
[Result "1/2-1/2"]
[WhiteElo "2365"]
[BlackElo "2425"]
[EventDate "1980.08.19"]
[PlyCount "192"]

1.Nf3 Nf6 2.c4 c5 3.Nc3 e6 4.g3 Nc6 5.Bg2 d5 6.cxd5 exd5 7.d4 Be7 8.O-O 
O-O 9.dxc5 Bxc5 10.b3 a6 11.Bb2 d4 12.Na4 Ba7 13.Rc1 Qd6 14.e3 d3 15.Bxf6 
Qxf6 16.Qxd3 Bf5 17.Qc3 Qxc3 18.Rxc3 Rac8 19.Nh4 Be6 20.Nc5 Bxc5 21.Rxc5 
Nb4 22.Rxc8 Rxc8 23.a3 Nc2 24.Bxb7 Rb8 25.Bxa6 Nxa3 26.Bc4 Nxc4 27.bxc4 
Bxc4 28.Rc1 Bd5 29.Nf5 Kf8 30.Nd4 g6 31.f3 Rb2 32.Rc5 Bb7 33.Rc7 Bd5 34.
Rc5 Bb7 35.Rc7 Bd5 36.g4 h6 37.h4 Kg7 38.g5 hxg5 39.hxg5 Kf8 40.Rc5 Bb7 
41.Rc7 Ba6 42.Rc2 Rxc2 43.Nxc2 Ke7 44.Kf2 Kd6 45.e4 Ke5 46.Ke3 Bc4 47.Nd4 
Kd6 48.Kf4 Bf1 49.Nc2 Bc4 50.Nb4 Kc5 51.Nc2 Kd6 52.Ne1 Bf1 53.Ke3 Ke5 54.
Nc2 Bc4 55.Nb4 Bb5 56.Nd5 Bf1 57.Nf6 Bc4 58.Ng4+ Kd6 59.Nf2 Ke5 60.Nd3+ 
Kd6 61.Kd4 Bb3 62.Nb2 Ba2 63.Nd3 Bb3 64.Ne5 Be6 65.f4 Ba2 66.Nc4+ Kc6 67.
Na3 Kd6 68.Nb5+ Ke6 69.Kc5 Kd7 70.Nd4 Kc7 71.Nf3 Be6 72.Ne5 Ba2 73.Nc4 Kd7
74.Nb6+ Kc7 75.Na4 Be6 76.Nc3 Bb3 77.Kb4 Be6 78.Nd5+ Kd6 79.Kc4 Kc6 80.Kd4
Kd6 81.Ne3 Ba2 82.Nc2 Be6 83.Nb4 Bh3 84.Nd5 Be6 85.Ne3 Ba2 86.Nc4+ Kc6 87.
Na3 Kd6 88.Nb5+ Ke6 89.Kc5 Kd7 90.Nc3 Bb3 91.Nd5 Ba2 92.Nb6+ Kc7 93.f5 
gxf5 94.exf5 Bb1 95.Nd5+ Kd7 96.Ne3 Ke7 1/2-1/2

[Event "8th Eksjo it group A"]
[Site "Eksjo SWE"]
[Date "1980.08.21"]
[Round "3"]
[White "Lengyel, Levente"]
[Black "Kirov, Nino"]
[Result "1/2-1/2"]
[WhiteElo "2445"]
[BlackElo "2455"]
[EventDate "1980.08.19"]
[PlyCount "40"]

1.d4 d5 2.c4 c6 3.Nf3 Nf6 4.e3 Bf5 5.Bd3 Bxd3 6.Qxd3 e6 7.O-O Be7 8.Nc3 
Nbd7 9.b3 O-O 10.Bb2 Bd6 11.e4 dxe4 12.Nxe4 Nxe4 13.Qxe4 Nf6 14.Qe2 Qa5 
15.Rfd1 Ba3 16.Rd3 Bxb2 17.Qxb2 Rad8 18.Rad1 h6 19.h3 Rfe8 20.Ne5 Nd7 
1/2-1/2

[Event "8th Eksjo it group A"]
[Site "Eksjo SWE"]
[Date "1980.08.21"]
[Round "3"]
[White "Ornstein, Axel"]
[Black "Ivanovic, Bozidar"]
[Result "1-0"]
[WhiteElo "2450"]
[BlackElo "2440"]
[EventDate "1980.08.19"]
[PlyCount "93"]

1.c4 e5 2.g3 d6 3.Bg2 g6 4.d4 Nd7 5.Nf3 Bg7 6.Nc3 Nh6 7.O-O O-O 8.e4 f6 9.
Rb1 a5 10.Qc2 exd4 11.Nxd4 Nc5 12.Rd1 Bg4 13.Re1 Nf7 14.h3 Bd7 15.Be3 Ng5 
16.Kh2 Re8 17.Rbd1 Qc8 18.f4 Nf7 19.Nd5 Ra6 20.Nb5 c6 21.Nxd6 Nxd6 22.Nb6 
Rxb6 23.Bxc5 Ra6 24.Bxd6 Ra8 25.g4 a4 26.f5 b6 27.Bg3 gxf5 28.exf5 Rxe1 
29.Rxe1 h5 30.c5 b5 31.Rd1 hxg4 32.hxg4 Kf7 33.Bf3 Qb7 34.Kg2 Re8 35.g5 
Kg8 36.gxf6 Bxf6 37.Rd6 Rf8 38.Qe4 Bg7 39.f6 Bxf6 40.Qg6+ Bg7 41.Be4 Rf7 
42.Qh7+ Kf8 43.Rg6 Ke8 44.Rxg7 Rxg7 45.Bg6+ Rxg6 46.Qxg6+ Ke7 47.Bd6+ 1-0

[Event "8th Eksjo it group A"]
[Site "Eksjo SWE"]
[Date "1980.08.21"]
[Round "3"]
[White "Schneider, Lars-Ake"]
[Black "Lekander, Rolf"]
[Result "0-1"]
[WhiteElo "2450"]
[BlackElo "2285"]
[EventDate "1980.08.19"]
[PlyCount "52"]

1.e4 c5 2.Nf3 e6 3.d4 cxd4 4.Nxd4 a6 5.Nc3 Nc6 6.f4 Qc7 7.Be3 b5 8.Qd2 Bb7
9.O-O-O d6 10.Be2 Nf6 11.Bf3 Na5 12.Qd3 Nc4 13.g4 Nd7 14.Bf2 Rc8 15.Rhe1 
Be7 16.e5 d5 17.f5 Nc5 18.Qe2 b4 19.Nxd5 Bxd5 20.Bxd5 Bg5+ 21.Kb1 exd5 22.
Nf3 Ne4 23.Nxg5 Na3+ 24.Ka1 Nxc2+ 25.Kb1 Nc3+ 26.bxc3 Qxc3 0-1

[Event "8th Eksjo it group A"]
[Site "Eksjo SWE"]
[Date "1980.08.21"]
[Round "3"]
[White "Sznapik, Aleksander"]
[Black "Karlsson, Lars"]
[Result "0-1"]
[WhiteElo "2460"]
[BlackElo "2405"]
[EventDate "1980.08.19"]
[PlyCount "96"]

1.c4 c5 2.Nc3 e6 3.Nf3 Nf6 4.g3 b6 5.Bg2 Bb7 6.O-O Be7 7.d4 cxd4 8.Qxd4 d6
9.b3 a6 10.Bb2 O-O 11.e4 Nbd7 12.Rfd1 Qc7 13.Qe3 Rfe8 14.Rac1 Bf8 15.h3 
Rac8 16.Nd4 Qb8 17.Re1 Nc5 18.Rcd1 Qa8 19.Kh2 Qb8 20.f4 e5 21.Nf5 Ncd7 22.
fxe5 dxe5 23.Qg5 Kh8 24.Nd5 Bxd5 25.exd5 b5 26.cxb5 Qxb5 27.Rc1 h6 28.Qe3 
Nxd5 29.Qf3 N5f6 30.Rxc8 Rxc8 31.Qe2 Qa5 32.a3 e4 33.Ne3 Qb6 34.b4 Qe6 35.
Rd1 Bd6 36.Qd2 Be5 37.Bxe5 Nxe5 38.Qd6 Rc3 39.Qd8+ Kh7 40.Rd6 Qa2 41.Rd2 
Qb3 42.Qd4 Nf3+ 43.Bxf3 Rxe3 44.Bg4 Nxg4+ 45.hxg4 Qxa3 46.Rf2 Qb3 47.Qe5 
g6 48.Kg2 Qc4 0-1

[Event "8th Eksjo it group A"]
[Site "Eksjo SWE"]
[Date "1980.08.22"]
[Round "4"]
[White "Ivanovic, Bozidar"]
[Black "Karlsson, Lars"]
[Result "1-0"]
[WhiteElo "2440"]
[BlackElo "2405"]
[EventDate "1980.08.19"]
[PlyCount "65"]

1.e4 e6 2.d4 d5 3.Nd2 b6 4.Ngf3 Nf6 5.exd5 exd5 6.Ne5 c6 7.Bd3 Bd6 8.O-O 
O-O 9.Re1 a5 10.Nf1 c5 11.c3 Ba6 12.Bxa6 Rxa6 13.Bg5 b5 14.Ne3 cxd4 15.
cxd4 Bb4 16.Re2 a4 17.b3 Be7 18.Nf5 Re8 19.Qd3 Bf8 20.Qxb5 Qb6 21.Qd3 Ne4 
22.Bf4 Qb7 23.f3 Nf6 24.Ree1 Ree6 25.g4 Rab6 26.Qd2 axb3 27.axb3 Rxb3 28.
Bg3 Nbd7 29.Nxf7 Reb6 30.Qg5 Kxf7 31.Re7+ Kg8 32.Rxg7+ Kh8 33.Re7 1-0

[Event "8th Eksjo it group A"]
[Site "Eksjo SWE"]
[Date "1980.08.22"]
[Round "4"]
[White "Kirov, Nino"]
[Black "Gonsior, Evzen"]
[Result "0-1"]
[WhiteElo "2455"]
[BlackElo "2370"]
[EventDate "1980.08.19"]
[PlyCount "82"]

1.Nf3 Nf6 2.g3 d5 3.Bg2 e6 4.O-O Be7 5.d4 O-O 6.c4 c5 7.cxd5 exd5 8.Nc3 
Nc6 9.Bg5 c4 10.Ne5 Be6 11.b3 Qa5 12.Nxc6 bxc6 13.Na4 Rfd8 14.e3 c5 15.
Bxf6 gxf6 16.dxc5 Bxc5 17.Nxc5 Qxc5 18.Qh5 Rac8 19.Rfd1 Qa3 20.bxc4 dxc4 
21.Be4 Kf8 22.Rxd8+ Rxd8 23.Rb1 Ke7 24.Qxh7 Qxa2 25.h4 c3 26.h5 Qa4 27.h6 
Rd1+ 28.Rxd1 Qxd1+ 29.Kg2 f5 30.Qg7 fxe4 31.Qg5+ f6 32.Qc5+ Kf7 33.h7 Qd8 
34.Qxc3 Kg7 35.Qc6 Qd7 36.Qc3 Qf7 37.Qd4 Kxh7 38.Qxe4+ f5 39.Qh4+ Kg6 40.
f3 Qc7 41.Qd4 Qc2+ 0-1

[Event "8th Eksjo it group A"]
[Site "Eksjo SWE"]
[Date "1980.08.22"]
[Round "4"]
[White "Lekander, Rolf"]
[Black "Lengyel, Levente"]
[Result "1/2-1/2"]
[WhiteElo "2285"]
[BlackElo "2445"]
[EventDate "1980.08.19"]
[PlyCount "21"]

1.d4 Nf6 2.Nf3 d5 3.Bf4 c5 4.e3 Qb6 5.Nc3 e6 6.Nb5 Na6 7.a4 Be7 8.Be2 O-O 
9.O-O Bd7 10.dxc5 Nxc5 11.Be5 1/2-1/2

[Event "8th Eksjo it group A"]
[Site "Eksjo SWE"]
[Date "1980.08.22"]
[Round "4"]
[White "Ornstein, Axel"]
[Black "Schneider, Lars-Ake"]
[Result "0-1"]
[WhiteElo "2450"]
[BlackElo "2450"]
[EventDate "1980.08.19"]
[PlyCount "80"]

1.d4 Nf6 2.c4 e6 3.Nf3 b6 4.g3 Bb7 5.Bg2 Be7 6.Nc3 d5 7.Ne5 O-O 8.O-O Na6 
9.cxd5 exd5 10.Nd3 Re8 11.Bg5 c6 12.Rb1 Nc7 13.b4 Ne4 14.Bxe7 Rxe7 15.Nxe4
dxe4 16.Ne5 Nb5 17.Bxe4 Qxd4 18.Nxc6 Qxe4 19.Nxe7+ Qxe7 20.Qd3 Nc7 21.Rfd1
Re8 22.f3 Nd5 23.e4 Nxb4 24.Qd6 Qxd6 25.Rxd6 Nc6 26.Rc1 Rc8 27.Rd7 Ba8 28.
e5 Kf8 29.f4 b5 30.f5 Re8 31.e6 fxe6 32.fxe6 Re7 33.Rf1+ Ke8 34.Rxe7+ Nxe7
35.Rb1 a6 36.a4 Be4 37.Re1 Bd5 38.axb5 axb5 39.Rb1 Bc4 40.Kf2 Nc6 0-1

[Event "8th Eksjo it group A"]
[Site "Eksjo SWE"]
[Date "1980.08.22"]
[Round "4"]
[White "Wedberg, Tom"]
[Black "Sznapik, Aleksander"]
[Result "1/2-1/2"]
[WhiteElo "2425"]
[BlackElo "2460"]
[EventDate "1980.08.19"]
[PlyCount "51"]

1.e4 c5 2.Nf3 d6 3.d4 cxd4 4.Nxd4 Nf6 5.Nc3 e6 6.g3 Nc6 7.Bg2 Bd7 8.O-O 
Be7 9.Ndb5 Qb8 10.Bg5 O-O 11.Bxf6 Bxf6 12.Qxd6 Rd8 13.a4 a6 14.Qxb8 Raxb8 
15.Nd6 Nd4 16.Nxb7 Rxb7 17.e5 Rxb2 18.exf6 gxf6 19.Rfd1 e5 20.Nd5 Rxc2 21.
Nxf6+ Kg7 22.Nxd7 Rxd7 23.Kf1 Rdc7 24.Be4 R2c3 25.a5 Nb3 26.Ra2 1/2-1/2

[Event "8th Eksjo it group A"]
[Site "Eksjo SWE"]
[Date "1980.08.23"]
[Round "5"]
[White "Gonsior, Evzen"]
[Black "Lekander, Rolf"]
[Result "1/2-1/2"]
[WhiteElo "2370"]
[BlackElo "2285"]
[EventDate "1980.08.19"]
[PlyCount "83"]

1.e4 c5 2.c3 g6 3.d4 cxd4 4.cxd4 Bg7 5.Nf3 d6 6.Nc3 Bg4 7.Bc4 Bxf3 8.Qxf3 
e6 9.e5 Nc6 10.Nb5 dxe5 11.d5 exd5 12.Bxd5 Nf6 13.Bxc6+ bxc6 14.Qxc6+ Kf8 
15.O-O Kg8 16.Be3 a6 17.Nd6 h6 18.Rad1 Qf8 19.Bc5 Qb8 20.b4 Kh7 21.Nxf7 
Rc8 22.Qe6 Re8 23.Qh3 Nh5 24.Rd7 Nf4 25.Qe3 Qb5 26.Rfd1 a5 27.g3 Ne2+ 28.
Kg2 axb4 29.Nxh6 Nd4 30.R1xd4 exd4 31.Qxd4 Qc6+ 32.f3 Re2+ 33.Kh3 Qe6+ 34.
Ng4 Rg8 35.Bf8 Qxd7 36.Qxd7 Rxf8 37.Qd5 Rb2 38.f4 b3 39.Qb7 Rxa2 40.Qxb3 
Ra7 41.Ne5 Rd8 42.Kg4 1/2-1/2

[Event "8th Eksjo it group A"]
[Site "Eksjo SWE"]
[Date "1980.08.23"]
[Round "5"]
[White "Kaiszauri, Konstanty"]
[Black "Kirov, Nino"]
[Result "1/2-1/2"]
[WhiteElo "2365"]
[BlackElo "2455"]
[EventDate "1980.08.19"]
[PlyCount "59"]

1.e4 c5 2.Nf3 e6 3.d3 Nc6 4.g3 d6 5.Bg2 Nf6 6.O-O Be7 7.Re1 O-O 8.Nbd2 b6 
9.e5 Nd5 10.Nc4 Bb7 11.exd6 Bxd6 12.Nxd6 Qxd6 13.d4 cxd4 14.Nxd4 Nxd4 15.
Qxd4 Qc7 16.Qh4 Rfe8 17.c4 Nb4 18.Bxb7 Qxb7 19.Qe4 Qxe4 20.Rxe4 Rad8 21.
Bf4 Nd3 22.Be5 Nxe5 23.Rxe5 Rd2 24.Rb5 Rc2 25.b3 Rd8 26.a4 Rdd2 27.a5 g6 
28.axb6 Rxf2 29.bxa7 Rg2+ 30.Kf1 1/2-1/2

[Event "8th Eksjo it group A"]
[Site "Eksjo SWE"]
[Date "1980.08.23"]
[Round "5"]
[White "Karlsson, Lars"]
[Black "Wedberg, Tom"]
[Result "1-0"]
[WhiteElo "2405"]
[BlackElo "2425"]
[EventDate "1980.08.19"]
[PlyCount "85"]

1.Nf3 Nf6 2.c4 g6 3.Nc3 Bg7 4.d4 O-O 5.e4 d6 6.Be2 c5 7.O-O cxd4 8.Nxd4 
Nc6 9.Be3 Bd7 10.Qd2 Nxd4 11.Bxd4 Bc6 12.f3 Nd7 13.Bxg7 Kxg7 14.f4 a5 15.
Kh1 Nc5 16.Bf3 a4 17.Rae1 Qa5 18.Re3 Rad8 19.Be2 f6 20.h4 Be8 21.Qc1 Bf7 
22.Nd5 e6 23.Nc3 Rd7 24.f5 Re7 25.fxe6 Bxe6 26.Qd2 Qb4 27.Qd4 Nd7 28.Nb5 
Ne5 29.b3 Rd7 30.a3 Qc5 31.b4 Qxd4 32.Nxd4 Bf7 33.Rc1 Rc8 34.Rec3 b6 35.
Kg1 Kf8 36.g3 Re7 37.Nb5 Rd8 38.Rd1 Re6 39.c5 bxc5 40.bxc5 Nd7 41.c6 Rxe4 
42.c7 Rc8 43.Nxd6 1-0

[Event "8th Eksjo it group A"]
[Site "Eksjo SWE"]
[Date "1980.08.23"]
[Round "5"]
[White "Lengyel, Levente"]
[Black "Ornstein, Axel"]
[Result "1/2-1/2"]
[WhiteElo "2445"]
[BlackElo "2450"]
[EventDate "1980.08.19"]
[PlyCount "108"]

1.Nf3 Nf6 2.g3 b6 3.Bg2 Bb7 4.O-O e6 5.c4 c5 6.Nc3 Be7 7.d4 cxd4 8.Qxd4 d6
9.Rd1 O-O 10.b3 Nbd7 11.Ng5 Bxg2 12.Kxg2 Qc7 13.Bb2 Rfd8 14.f3 a6 15.Nge4 
Ne8 16.Nf2 Rac8 17.Rac1 Qb8 18.e4 Bf6 19.Qd2 b5 20.cxb5 axb5 21.Ng4 Be7 
22.Ne2 Qa8 23.Rxc8 Rxc8 24.Rc1 Rxc1 25.Nxc1 h5 26.Nf2 h4 27.Qb4 Qc6 28.
Ncd3 Nc5 29.Qc3 Qa8 30.Nxc5 dxc5 31.a3 Bf6 32.Qd2 Bxb2 33.Qxb2 hxg3 34.
hxg3 Nd6 35.Qe5 Qc6 36.a4 bxa4 37.bxa4 Nc4 38.Qb8+ Kh7 39.Qb5 Qxb5 40.axb5
Nb6 41.Kf1 Kg6 42.Ke2 Kf6 43.Ng4+ Ke7 44.Kd3 Kd6 45.f4 f6 46.Ne3 Kc7 47.f5
exf5 48.exf5 Kb7 49.Kc3 Kc7 50.Kb3 Kb7 51.Kc3 Kc7 52.Kd3 Kb7 53.Ke4 Nc8 
54.Nc4 Ne7 1/2-1/2

[Event "8th Eksjo it group A"]
[Site "Eksjo SWE"]
[Date "1980.08.23"]
[Round "5"]
[White "Schneider, Lars-Ake"]
[Black "Ivanovic, Bozidar"]
[Result "1/2-1/2"]
[WhiteElo "2450"]
[BlackElo "2440"]
[EventDate "1980.08.19"]
[PlyCount "90"]

1.b3 e5 2.Bb2 Nc6 3.e3 d5 4.Bb5 f6 5.d4 e4 6.Ne2 a6 7.Bxc6+ bxc6 8.O-O f5 
9.c4 Nf6 10.Ba3 Bxa3 11.Nxa3 O-O 12.cxd5 cxd5 13.Qc2 Rb8 14.Rac1 Rf7 15.
Nb1 Rb6 16.Nbc3 Ng4 17.h3 Rh6 18.Ng3 Nf6 19.f4 Ne8 20.Nce2 a5 21.Qc5 c6 
22.b4 axb4 23.Rb1 Rg6 24.Rxb4 Qh4 25.Rb8 Bd7 26.Kh2 h6 27.Qa5 Kh7 28.Qd8 
Qxd8 29.Rxd8 Nd6 30.Rb1 Re6 31.Rbb8 Re8 32.Rxe8 Bxe8 33.Rd8 Rd7 34.Rxd7 
Bxd7 35.Nf1 g5 36.g3 Nc4 37.Nc3 Kg7 38.Na4 Kf6 39.Kg2 Be8 40.Kf2 Bh5 41.
Nc5 Bd1 42.a4 g4 43.h4 Ke7 44.Ke1 Bc2 45.Nd2 Na5 1/2-1/2

[Event "8th Eksjo it group A"]
[Site "Eksjo SWE"]
[Date "1980.08.23"]
[Round "5"]
[White "Sznapik, Aleksander"]
[Black "Minev, Nikolai"]
[Result "1-0"]
[WhiteElo "2460"]
[BlackElo "2390"]
[EventDate "1980.08.19"]
[PlyCount "71"]

1.e4 e6 2.d4 d5 3.Nd2 Nf6 4.e5 Nfd7 5.c3 c5 6.Bd3 Nc6 7.Ne2 Qb6 8.Nf3 cxd4
9.cxd4 Bb4+ 10.Kf1 Be7 11.g3 f6 12.exf6 Nxf6 13.Kg2 O-O 14.Rf1 Kh8 15.h4 
Bd6 16.Be3 Qd8 17.Bf4 Bxf4 18.Nxf4 Qb6 19.Bc2 Bd7 20.Re1 Rae8 21.Qd2 Qxb2 
22.Reb1 Qa3 23.Rxb7 Rb8 24.Rab1 Rxb7 25.Rxb7 Bc8 26.Rb3 Qd6 27.Re3 Ng4 28.
Re1 Nf6 29.Bb1 Ne4 30.Bxe4 dxe4 31.Rxe4 Nb4 32.Re3 Bb7 33.Kg1 Bxf3 34.Rxf3
e5 35.Rb3 Nc6 36.Ne2 1-0

[Event "8th Eksjo it group A"]
[Site "Eksjo SWE"]
[Date "1980.08.24"]
[Round "6"]
[White "Ivanovic, Bozidar"]
[Black "Wedberg, Tom"]
[Result "1/2-1/2"]
[WhiteElo "2440"]
[BlackElo "2425"]
[EventDate "1980.08.19"]
[PlyCount "110"]

1.e4 c5 2.Nf3 Nc6 3.d4 cxd4 4.Nxd4 g6 5.Nc3 Bg7 6.Be3 Nf6 7.Bc4 O-O 8.Bb3 
a5 9.f3 d5 10.exd5 Nb4 11.Ndb5 a4 12.Nxa4 Nfxd5 13.Bf2 Bd7 14.Nbc3 Bxa4 
15.Nxa4 b5 16.Nb6 Nxb6 17.Qxd8 Rfxd8 18.Bxb6 Rdc8 19.O-O Bxb2 20.Rab1 Bc3 
21.f4 Bf6 22.g4 Ra6 23.Bf2 Nxa2 24.Rbe1 e6 25.f5 exf5 26.gxf5 g5 27.Rd1 
Rc7 28.Bg3 Rb7 29.Rfe1 Nc3 30.Re8+ Kg7 31.Rd3 h5 32.Bd6 Ra1+ 33.Kg2 b4 34.
Bf8+ Kh7 35.Rd6 Bg7 36.Bxg7 Kxg7 37.f6+ Kh7 38.Bc4 g4 39.Bd3+ Kh6 40.Kg3 
Rd1 41.Rh8+ Kg5 42.Rg8+ Kh6 43.Kh4 Rxd3 44.cxd3 Rb5 45.Rdd8 Rf5 46.Rg7 
Rxf6 47.Rg5 Kh7 48.Rxh5+ Kg7 49.Rg5+ Kh7 50.Rxg4 Rh6+ 51.Kg3 Rb6 52.Rd7 b3
53.Rxf7+ Kh6 54.Rf8 Kh7 55.Rf5 b2 1/2-1/2

[Event "8th Eksjo it group A"]
[Site "Eksjo SWE"]
[Date "1980.08.24"]
[Round "6"]
[White "Kirov, Nino"]
[Black "Sznapik, Aleksander"]
[Result "1/2-1/2"]
[WhiteElo "2455"]
[BlackElo "2460"]
[EventDate "1980.08.19"]
[PlyCount "42"]

1.d4 Nf6 2.c4 e6 3.Nf3 b6 4.g3 Bb7 5.Bg2 Be7 6.O-O O-O 7.Nc3 Ne4 8.Nxe4 
Bxe4 9.Ne1 Bxg2 10.Nxg2 d5 11.Qa4 dxc4 12.Qxc4 c5 13.dxc5 Bxc5 14.Be3 Bxe3
15.Nxe3 Qc8 16.Qxc8 Rxc8 17.Rac1 Nd7 18.Rxc8+ Rxc8 19.Rd1 Nf6 20.f3 Kf8 
21.Kf2 Ke7 1/2-1/2